000 00849nam a2200229Ia 4500
001 16218
003 GE_BSU
008 181216s||||||||xx |||||||||||||| ||und||
020 _a9941162909
040 _cGE_BSU
100 _aალიბეგაშვილი,გიორგი. სირაძე,რევაზ. სულავა,ნესტან.
245 _aქართული ლიტერატურა ტ.1(V-XVIII სს.)
245 _cრედ.ბეგო ბეჟუაშვილი.
260 _aთბილისი.
260 _bსაქართველოს მაცნე
260 _c2013
300 _a425გვ;25სმ.
541 _h20ლ.
653 _aლიტერატურა
653 _aქართული ლიტერატურა ტ.1(V-XVIII სს.)
942 _cBK
999 _c49302
_d49302